000 00514nam a22001697a 4500
005 20251108172241.0
008 250721s2000 xx 000 0 ara d
082 1 4 _a621.43/سعي
100 1 _aسعيد، سفيان توفيق أحمد
245 1 0 _aمحركات الإحتراق الداخلي /
264 1 _aعمان :
_bدار صفاء،
_c2000.
300 _a278ص
650 1 7 _aمحركات الإحتراق الداخلي
650 1 7 _aوقود المحركات
942 _2ddc
_cBK
999 _c74213
_d74213